000 00694nam a2200289Ia 4500
005 20260324122941.0
008 008 260324s9999 xx 000 0 eng d
020 _a9780203144237
037 _aEBOOK
040 _aCRL
040 _beng
040 _cCRL
041 _2eng
041 _aeng
084 _qCRL
100 _aBeverley Skeggs; Helen Wood
_91168453
245 0 _aReacting to Reality Television
245 0 _bPerformance, Audience and Value
260 _bTaylor and Francis
260 _c2012
365 _a
365 _b230
856 _uhttp://www.taylorfrancis.com/books/9780203144237
942 _cEBOOK
999 _c1761547
_d1761547